UBT Library

First, break all the rules : (Record no. 40541)

000 -LEADER
fixed length control field 00827cam a22002414a 4500
001 - CONTROL NUMBER
control field 4994587
005 - DATE AND TIME OF LATEST TRANSACTION
control field 20180119042325.0
008 - FIXED-LENGTH DATA ELEMENTS--GENERAL INFORMATION
fixed length control field 990204s1999 nyu 000 0 eng
010 ## - LIBRARY OF CONGRESS CONTROL NUMBER
LC control number 99019452
020 ## - INTERNATIONAL STANDARD BOOK NUMBER
International Standard Book Number 0684852861
040 ## - CATALOGING SOURCE
Original cataloging agency DLC
Transcribing agency DLC
Modifying agency DLC
041 ## - LANGUAGE CODE
Language code of text/sound track or separate title eng
042 ## - AUTHENTICATION CODE
Authentication code pcc
080 ## - UNIVERSAL DECIMAL CLASSIFICATION NUMBER
Universal Decimal Classification number 658.409 BUC
082 00 - DEWEY DECIMAL CLASSIFICATION NUMBER
Classification number 658.409 BUC
Edition number 21
100 1# - Rafti
Rafti 54
101 ## - Shkurtesa
Shkurtesa MEN
245 10 - TITLE STATEMENT
Title First, break all the rules :
Statement of responsibility, etc Marcus Buckingham and Curt Coffman.
246 30 - VARYING FORM OF TITLE
Title proper/short title What the world's greatest managers do differently
906 ## - LOCAL DATA ELEMENT F, LDF (RLIN)
a 7
b cbc
c orignew
d 1
e ocip
f 19
g y-gencatlg
942 ## - ADDED ENTRY ELEMENTS (KOHA)
Source of classification or shelving scheme
Item type Books
Holdings
Withdrawn status Lost status Source of classification or shelving scheme Damaged status Not for loan Collection code Permanent location Current location Shelving location Date acquired Total Checkouts Full call number Barcode Date last seen Price effective from Koha item type
          Koleksioni i përgjithshem UBT - Lipjan UBT - Lipjan Koleksioni i përgjithshem 01/19/2018   658.409 BUC 002-2995750 01/19/2018 01/19/2018 Books
UBT Library © 2015-2024. All rights reserved University Education for Business and Technology